000 01200nac a2200385 a4500
001 1684853796
003 DE-627
005 20230411120846.0
007 tu
008 191209s2020 xxk||||| 00| ||eng c
035 _a(DE-627)1684853796
035 _a(DE-599)KXP1684853796
035 _a(OCoLC)1129383933
040 _aDE-627
_bger
_cDE-627
041 _aeng
044 _cXA-GB
_cXD-US
_cXB-IN
_cXE-AU
245 1 2 _aA cultural history of marriage
_cgeneral editor: Joanne M. Ferraro
264 1 _aLondon ; New York ; Oxford ; New Delhi ; Sydney :
_bBloomsbury Academic,
_c2020
336 _aText
_btxt
_2rdacontent
337 _aohne Hilfsmittel zu benutzen
_bn
_2rdamedia
338 _aBand
_bnc
_2rdacarrier
490 0 _aThe cultural histories series
500 _aE-Book-ProQuest / Fernzugriff nach Registrierung möglich
500 _aURL siehe Bände
650 7 _aEhe
650 7 _aKultur
655 7 _aAufsatzsammlung
_2gnd-content
_9210
700 _a Ferraro, Joanne Marie
_eeditor
_4edt
_922284
773 1 8 _w(DE-627)1666114405
_gVolume 6
_q6
_7nnnm
942 _2z
_cEB
999 _c62146
_d62146